Statistics for Municipalities of Kagoshima Prefecture

Click here to take the quiz!

General Stats

  • This quiz has been taken 63 times
  • The average score is 24 of 43

Answers on the Map

Answers color-coded by a green-red scale on the quiz's map according to % correct below.
 

Answer Stats

Answer% Correct
Kagoshima 鹿児島
100%
Kirishima 霧島
82%
Yakushima 屋久島
82%
Amami 奄美
77%
Satsuma さつま
77%
Satsumasendai 薩摩川内
77%
Aira 姶良
68%
Ibusuki 指宿
68%
Kanoya 鹿屋
68%
Shibushi 志布志
68%
Makurazaki 枕崎
64%
Minamikyushu 南九州
64%
Izumi 出水
59%
Minamitane 南種子
59%
Mishima 三島
59%
Nakatane 中種子
59%
Nishinoomote 西之表
59%
Ichikikushikino いちき串木野
55%
Kikai 喜界
55%
Setouchi 瀬戸内
55%
Yoron 与論
55%
China 知名
50%
Hioki 日置
50%
Soo 曽於
50%
Tarumizu 垂水
50%
Tokunoshima 徳之島
50%
Toshima 十島
50%
Akune 阿久根
45%
Isa 伊佐
45%
Kimotsuki 肝付
45%
Minamiosumi 南大隅
45%
Minamisatsuma 南さつま
45%
Nagashima 長島
45%
Amagi 天城
41%
Osaki 大崎
41%
Tatsugo 龍郷
41%
Higashikushira 東串良
36%
Isen 伊仙
36%
Kinko 錦江
36%
Uken 宇検
36%
Wadomari 和泊
36%
Yamato 大和
36%
Yusui 湧水
36%

Score Distribution

Percentile by Number Answered

Percent of People with Each Score

Your Score History

You have not taken this quiz